[Event "13th Asia-ch"]
[Site "Al-Ain UAE"]
[Date "2015.08.09"]
[Round "8"]
[White "Lodhi, Mahmood"]
[Black "Baimurzin, Aitkazy"]
[Result "0-1"]
[WhiteElo "2310"]
[BlackElo "2096"]
[EventDate "2015.08.02"]
[PlyCount "262"]

1.d4 Nf6 2.Nf3 g6 3.g3 Bg7 4.Bg2 O-O 5.O-O d6 6.c4 a6 7.Nc3 Nc6 8.b3 Rb8 
9.a4 Bf5 10.Bb2 Nb4 11.Qd2 c5 12.Rac1 Qb6 13.d5 Rbd8 14.Nh4 Bc8 15.h3 e6 
16.e4 exd5 17.exd5 Rde8 18.Rfe1 Bd7 19.g4 h6 20.f4 Qd8 21.Nf3 Rxe1+ 22.
Rxe1 Re8 23.Bf1 Kf8 24.g5 Rxe1 25.Nxe1 hxg5 26.fxg5 Nh5 27.Ne4 Qe7 28.
Bxg7+ Kxg7 29.Qc3+ Kh7 30.Qe3 Qe5 31.Nf6+ Nxf6 32.Qxe5 dxe5 33.gxf6 e4 34.
Bg2 Bf5 35.Kf2 Kh6 36.Ke3 Kg5 37.h4+ Kxh4 38.Bxe4 Kg5 39.Bxf5 Kxf5 40.a5 
Kxf6 41.Nd3 Nxd3 42.Kxd3 Ke5 43.Ke3 f5 44.Kf3 g5 45.Ke3 Kd6 46.Kf3 Kc7 47.
Kg3 Kd6 48.Kf3 Ke5 49.Kg3 g4 50.Kf2 f4 51.Ke2 f3+ 52.Kf2 Kf4 53.d6 g3+ 54.
Kf1 Ke3 55.d7 g2+ 56.Kg1 Ke2 57.d8=Q f2+ 58.Kxg2 f1=Q+ 59.Kh2 Qf2+ 60.Kh1 
Qf3+ 61.Kh2 Qf4+ 62.Kg2 Qf3+ 63.Kh2 Qxb3 64.Qe7+ Kd3 65.Qxc5 Qxc4 66.Qa3+ 
Kc2 67.Qd6 Qe4 68.Qb6 Kc3 69.Kg3 Qc6 70.Qb1 Kc4 71.Qb2 Kc5 72.Kf2 Qb5 73.
Qc3+ Qc4 74.Qf3 Qb4 75.Qf5+ Kc4 76.Qe6+ Kb5 77.Qd5+ Ka4 78.Qa2+ Kb5 79.Ke3
Qc3+ 80.Kf2 Qd4+ 81.Kf3 Qc3+ 82.Kf2 Qb4 83.Ke3 Qc3+ 84.Kf2 Kc5 85.Qb1 Qb4 
86.Qf5+ Kc6 87.Qc8+ Kd5 88.Qd7+ Kc4 89.Qf7+ Kc3 90.Qf3+ Kb2 91.Qd5 Qb3 92.
Qd8 Ka2 93.Ke1 Ka3 94.Kd2 Ka4 95.Qc7 Qb5 96.Kd1 Qd5+ 97.Ke2 Qxa5 98.Qc2+ 
Kb5 99.Qd3+ Kc6 100.Qg6+ Kc7 101.Qf7+ Kc8 102.Qe6+ Kb8 103.Qe8+ Ka7 104.
Qe3+ Qb6 105.Qa3 Qd4 106.Ke1 Qb6 107.Kd2 a5 108.Kc2 Qc6+ 109.Kb1 Ka6 110.
Qf8 Qb5+ 111.Kc2 Qc4+ 112.Kd1 Qd5+ 113.Kc2 a4 114.Kb1 Ka5 115.Ka1 b6 116.
Qe7 Qd4+ 117.Ka2 Kb5 118.Qe8+ Kb4 119.Qe7+ Qc5 120.Qe1+ Qc3 121.Qe7+ Kb5 
122.Qe8+ Qc6 123.Qe5+ Ka6 124.Qe2+ b5 125.Qe7 Qd5+ 126.Ka1 Qd4+ 127.Ka2 
Ka5 128.Qc7+ Kb4 129.Qe7+ Kc3 130.Qa3+ Kc2 131.Qc1+ Kxc1 0-1

[Event "13th Asia-ch"]
[Site "Al-Ain UAE"]
[Date "2015.08.09"]
[Round "8"]
[White "Xu Xiangyu"]
[Black "Anuruddha, Galappaththi Chinthaka"]
[Result "1-0"]
[WhiteElo "2257"]
[BlackElo "2066"]
[EventDate "2015.08.02"]
[PlyCount "47"]

1.f4 e5 2.fxe5 d6 3.exd6 Bxd6 4.Nf3 g5 5.g3 g4 6.Nh4 Nc6 7.Nc3 Nge7 8.Ne4 
Be5 9.c3 f5 10.Nf2 f4 11.d4 fxg3 12.Ne4 g2 13.Bxg2 Bg7 14.O-O Rf8 15.Bg5 
Be6 16.Qd3 Bd5 17.Qe3 Qc8 18.Rxf8+ Kxf8 19.Rf1+ Kg8 20.Nf6+ Bxf6 21.Bxf6 
Bxg2 22.Qg5+ Kf7 23.Kxg2 Ke8 24.d5 1-0

[Event "13th Asia-ch"]
[Site "Al-Ain UAE"]
[Date "2015.08.09"]
[Round "8"]
[White "Nassar, Marwan"]
[Black "Shrestha, Keshav"]
[Result "0-1"]
[WhiteElo "2030"]
[BlackElo "2118"]
[EventDate "2015.08.02"]
[PlyCount "106"]

1.d4 d5 2.Nf3 Nf6 3.Bf4 e6 4.e3 c6 5.Nbd2 Nbd7 6.h3 Be7 7.Bd3 O-O 8.O-O b6
9.Rc1 Bb7 10.Qe2 Re8 11.c4 c5 12.Rfd1 Bf8 13.Ne5 a6 14.Ndf3 h6 15.Bh2 Nxe5
16.Nxe5 cxd4 17.exd4 dxc4 18.Bxc4 b5 19.Bb3 Rc8 20.Rxc8 Qxc8 21.Bf4 Qa8 
22.f3 Bd5 23.Qd3 Bxb3 24.Qxb3 Qd5 25.Qxd5 Nxd5 26.Bd2 Rc8 27.Kf1 Rc2 28.
Nd3 Bd6 29.a3 g5 30.b4 Ra2 31.Bc1 Bf4 32.Re1 Bxc1 33.Rxc1 Rxa3 34.Ne5 f6 
35.Nc6 Kf7 36.Re1 Nf4 37.d5 exd5 38.Re7+ Kf8 39.Rh7 h5 40.Nd4 h4 41.Ra7 
Ra4 42.Nc6 d4 43.Nxd4 Rxb4 44.Nc6 Ra4 45.Rb7 Ra1+ 46.Kf2 Ra2+ 47.Ke3 Re2+ 
48.Kd4 Nxg2 49.Ra7 Ne1 50.Rxa6 Nxf3+ 51.Kd5 g4 52.hxg4 h3 53.Nd4 Re5+ 0-1

[Event "13th Asia-ch"]
[Site "Al-Ain UAE"]
[Date "2015.08.09"]
[Round "8"]
[White "Bayarmandakh, Balgan"]
[Black "Al-Attar, Rakan"]
[Result "1-0"]
[WhiteElo "2225"]
[BlackElo "2012"]
[EventDate "2015.08.02"]
[PlyCount "95"]

1.d4 Nf6 2.c4 g6 3.g3 Bg7 4.Bg2 O-O 5.e4 d6 6.Ne2 Nbd7 7.O-O c5 8.Nbc3 a6 
9.h3 Qc7 10.d5 b5 11.cxb5 axb5 12.Nxb5 Qa5 13.a4 Ba6 14.Bd2 Qb6 15.Nec3 
Rfb8 16.Qc2 Ne8 17.Rfd1 Ne5 18.Bg5 Rb7 19.b3 Rab8 20.Be3 Bxb5 21.Nxb5 Nc7 
22.Nxc7 Qxc7 23.Rab1 Qa5 24.f4 Nd7 25.Kh2 Qb4 26.Bf1 Nb6 27.Bb5 h5 28.h4 
Nd7 29.Bd2 Qd4 30.Ba5 Qf6 31.Rd3 e5 32.dxe6 Qxe6 33.Bc4 Qxe4 34.Bd5 Qxa4 
35.bxa4 Rxb1 36.Rd2 Nf6 37.Bf3 R1b3 38.Kg2 Ng4 39.Bxg4 hxg4 40.Bc7 R8b4 
41.Bxd6 Rc3 42.Qd1 Rf3 43.Bxc5 Rbb3 44.Bf2 Bf6 45.Qe2 Kg7 46.a5 Kh6 47.a6 
Bc3 48.a7 1-0

[Event "13th Asia-ch"]
[Site "Al-Ain UAE"]
[Date "2015.08.09"]
[Round "8"]
[White "Hj Azahari, Md Aliuddin"]
[Black "Miswadah, Baha"]
[Result "0-1"]
[WhiteElo "2024"]
[BlackElo "1855"]
[EventDate "2015.08.02"]
[PlyCount "80"]

1.e4 c5 2.Nf3 g6 3.d4 cxd4 4.Nxd4 Nc6 5.c4 Nf6 6.Nc3 d6 7.Be2 Nxd4 8.Qxd4 
Bg7 9.Be3 O-O 10.Qd2 a5 11.Rb1 a4 12.O-O Be6 13.f3 Qa5 14.Nd5 Qxd2 15.
Nxe7+ Kh8 16.Bxd2 Rfe8 17.Nd5 Nxd5 18.cxd5 Bxd5 19.Bb5 Bxa2 20.Ra1 Re5 21.
Bd3 Bb3 22.Bc3 Rc5 23.Bxg7+ Kxg7 24.Rf2 Rac8 25.Rd2 d5 26.Kf2 dxe4 27.fxe4
Kf6 28.Ke3 Ke5 29.g3 b5 30.Bf1 R8c7 31.Bh3 Rc2 32.Rxc2 Rxc2 33.Bd7 Bc4 34.
Rd1 Rxb2 35.Ra1 Rxh2 36.Rc1 Kd6 37.Be8 a3 38.Ra1 a2 39.Kd4 Rg2 40.g4 f6 
0-1

[Event "13th Asia-ch"]
[Site "Al-Ain UAE"]
[Date "2015.08.09"]
[Round "8"]
[White "Sulimani, Yaser"]
[Black "Ezizov, Jumamuhammet"]
[Result "0-1"]
[WhiteElo "1760"]
[BlackElo "1789"]
[EventDate "2015.08.02"]
[PlyCount "69"]

1.d4 Nf6 2.Nf3 c6 3.e3 d5 4.c4 Bf5 5.Nc3 e6 6.Qb3 Qc7 7.Be2 Be7 8.Bd2 Nbd7
9.h3 h6 10.O-O g5 11.g4 Be4 12.c5 Bxf3 13.Bxf3 h5 14.e4 dxe4 15.Nxe4 hxg4 
16.Nd6+ Bxd6 17.cxd6 Qxd6 18.Bb4 Qf4 19.Bg2 gxh3 20.Bxh3 g4 21.Qe3 Qxe3 
22.fxe3 Rxh3 23.Bd6 Rxe3 24.Rf4 Re4 25.Raf1 Rxf4 26.Rxf4 O-O-O 27.Be7 Rg8 
28.Bxf6 Nxf6 29.Rxf6 Rg7 30.Kg2 g3 31.b4 a6 32.a4 Kc7 33.Rf3 Kd6 34.Rf4 
Kd5 35.Rh4 0-1

[Event "13th Asia-ch"]
[Site "Al-Ain UAE"]
[Date "2015.08.10"]
[Round "9"]
[White "Salem, A. R. Saleh"]
[Black "Santosh Gujrathi, Vidit"]
[Result "1/2-1/2"]
[WhiteElo "2595"]
[BlackElo "2644"]
[EventDate "2015.08.02"]
[PlyCount "21"]

1.d4 d5 2.c4 c6 3.Nc3 Nf6 4.cxd5 cxd5 5.Nf3 Nc6 6.Bf4 a6 7.Rc1 Nh5 8.Bd2 
Nf6 9.Bf4 Nh5 10.Bd2 Nf6 11.Bf4 1/2-1/2

[Event "13th Asia-ch"]
[Site "Al-Ain UAE"]
[Date "2015.08.10"]
[Round "9"]
[White "Ganguly, Surya Shekhar"]
[Black "Zhang Zhong"]
[Result "1-0"]
[WhiteElo "2631"]
[BlackElo "2628"]
[EventDate "2015.08.02"]
[PlyCount "85"]

1.d4 Nf6 2.c4 c5 3.d5 e6 4.Nc3 exd5 5.cxd5 d6 6.Nf3 g6 7.g3 Bg7 8.Bg2 O-O 
9.O-O Re8 10.a4 Na6 11.Re1 Nb4 12.Bf4 Ne4 13.Nxe4 Rxe4 14.Bg5 Qf8 15.Nd2 
Re5 16.Bf4 Rxd5 17.Bxd5 Nxd5 18.Ne4 Nxf4 19.gxf4 Bxb2 20.Rb1 Bf5 21.Qd5 
Bxe4 22.Qxe4 Bc3 23.Red1 b6 24.Qd3 Bb4 25.Qxd6 Qe8 26.Qd5 Rb8 27.Qd6 Ra8 
28.Qd5 Rb8 29.Kf1 a5 30.Rb3 Qxa4 31.f5 Re8 32.Rf3 Rf8 33.fxg6 hxg6 34.h4 
Kh8 35.Qe5+ Kg8 36.Qd5 Kh8 37.h5 g5 38.Qe5+ f6 39.Rd8 Rxd8 40.Qxf6+ Kh7 
41.Qg6+ Kh8 42.Qh6+ Kg8 43.Qxg5+ 1-0

[Event "13th Asia-ch"]
[Site "Al-Ain UAE"]
[Date "2015.08.10"]
[Round "9"]
[White "Zhou Jianchao"]
[Black "Gupta, Abhijeet"]
[Result "1-0"]
[WhiteElo "2600"]
[BlackElo "2619"]
[EventDate "2015.08.02"]
[PlyCount "137"]

1.Nf3 Nf6 2.c4 g6 3.Nc3 d5 4.cxd5 Nxd5 5.Qb3 Nb6 6.d4 Bg7 7.Bf4 Be6 8.Qa3 
c5 9.Qxc5 Nc6 10.e4 Nd7 11.Qa3 Nxd4 12.Nxd4 Bxd4 13.Bb5 Rc8 14.Rd1 Bxc3+ 
15.bxc3 a6 16.Bxd7+ Bxd7 17.Qb4 b5 18.Qd4 Rg8 19.Qa7 g5 20.Be5 Rg6 21.O-O 
Ra8 22.Qc5 Qb6 23.Qa3 Qb7 24.c4 Re6 25.Bg3 Qxe4 26.Qc3 f6 27.Rd4 Qe2 28.h4
g4 29.Qc1 Rc8 30.Qh6 Rxc4 31.Rfd1 Rxd4 32.Rxd4 Qc2 33.Qg7 Qg6 34.Qh8+ Kf7 
35.Rxd7 Re1+ 36.Kh2 Qb1 37.Bf4 Qf5 38.Bd2 Rf1 39.Rd4 g3+ 40.fxg3 Qb1 41.g4
Rh1+ 42.Kg3 Qc2 43.g5 Rf1 44.g6+ Qxg6+ 45.Rg4 Qd3+ 46.Kh2 Qd6+ 47.Bf4 Rh1+
48.Kxh1 Qd1+ 49.Kh2 Qxg4 50.Qxh7+ Kf8 51.Bg3 Qc4 52.Qh8+ Kf7 53.Qh7+ Kf8 
54.Qb1 Kg7 55.Qb3 Qe2 56.Qa3 Qe6 57.Qa5 Kf7 58.a3 Qc6 59.Qc7 Qe4 60.Qc3 
Qa4 61.Be1 Qe4 62.Qg3 Qa4 63.h5 Qe4 64.h6 Qg6 65.Qxg6+ Kxg6 66.Bd2 e5 67.
g4 a5 68.Kg3 b4 69.Bxb4 1-0

[Event "13th Asia-ch"]
[Site "Al-Ain UAE"]
[Date "2015.08.10"]
[Round "9"]
[White "Sasikiran, Krishnan"]
[Black "Le Quang Liem"]
[Result "1/2-1/2"]
[WhiteElo "2640"]
[BlackElo "2699"]
[EventDate "2015.08.02"]
[PlyCount "60"]

1.d4 d5 2.c4 c6 3.Nf3 Nf6 4.Qc2 dxc4 5.Qxc4 Bg4 6.Nbd2 Nbd7 7.g3 e6 8.Bg2 
Be7 9.O-O O-O 10.b3 Rc8 11.Bb2 b5 12.Qc2 c5 13.Rfc1 Qb6 14.a4 a6 15.axb5 
axb5 16.Qd1 h6 17.Qf1 Bf5 18.e3 c4 19.bxc4 bxc4 20.Bc3 Bd3 21.Qd1 Nd5 22.
Bf1 Qb5 23.Ba5 c3 24.Ne4 Bxf1 25.Qxf1 Qb7 26.Qe2 Qb3 27.Rab1 Qa3 28.Ra1 
Qb3 29.Rab1 Qa3 30.Ra1 Qb3 1/2-1/2

[Event "13th Asia-ch"]
[Site "Al-Ain UAE"]
[Date "2015.08.10"]
[Round "9"]
[White "Idani, Pouya"]
[Black "Sethuraman, Panayapan"]
[Result "0-1"]
[WhiteElo "2568"]
[BlackElo "2635"]
[EventDate "2015.08.02"]
[PlyCount "116"]

1.e4 d6 2.d4 g6 3.Nc3 Bg7 4.Nf3 a6 5.a4 Nf6 6.h3 O-O 7.Be3 b6 8.Bc4 e6 9.
O-O Bb7 10.d5 e5 11.Ne1 Qe8 12.Nd3 Nh5 13.Qd2 f5 14.f3 Nd7 15.a5 b5 16.Bb3
Kh8 17.Ne2 Ndf6 18.Qb4 fxe4 19.fxe4 c5 20.dxc6 Qxc6 21.Nc3 Ng3 22.Bd5 Nxd5
23.Rxf8+ Rxf8 24.exd5 Qd7 25.Bf2 Nf5 26.Qe4 Rc8 27.Rd1 Rc4 28.Qe2 Qc8 29.
Ne1 Nd4 30.Bxd4 Rxd4 31.Rxd4 exd4 32.Na2 Bxd5 33.Nb4 Bb7 34.Qe7 Kg8 35.
Ned3 Bf8 36.Qf6 Qe8 37.Qxd4 Qe2 38.Nf4 Qe1+ 39.Kh2 Qe5 40.Qf2 Qxb2 41.Nfd3
Qc3 42.Qb6 Qc8 43.Nf4 Qc4 44.Nbd3 Qe4 45.Qd8 Qe7 46.Qb6 Qe4 47.Qd8 Kf7 48.
Qd7+ Be7 49.h4 h6 50.Qh3 g5 51.hxg5 hxg5 52.Qh5+ Kg7 53.Qg4 Kf8 54.Ne6+ 
Ke8 55.Nc7+ Kd8 56.Ne6+ Kc8 57.Ndf4 Qh7+ 58.Kg1 Qh4 0-1

[Event "13th Asia-ch"]
[Site "Al-Ain UAE"]
[Date "2015.08.10"]
[Round "9"]
[White "Sengupta, Deep"]
[Black "Lin Chen"]
[Result "1/2-1/2"]
[WhiteElo "2594"]
[BlackElo "2494"]
[EventDate "2015.08.02"]
[PlyCount "92"]

1.e4 c5 2.Nf3 d6 3.d4 cxd4 4.Nxd4 Nf6 5.Nc3 Nc6 6.f3 e5 7.Nb3 Be6 8.Be3 
Be7 9.Qd2 O-O 10.Rd1 a5 11.Bb5 Na7 12.Bd3 Nc6 13.Bb5 Na7 14.Bd3 Nc6 15.a4 
Nb4 16.O-O Qc8 17.Bb5 d5 18.exd5 Nfxd5 19.Nxd5 Nxd5 20.Bf2 Qc7 21.c4 Bb4 
22.cxd5 Bxd2 23.Rxd2 Bd7 24.d6 Qd8 25.Nc5 Bxb5 26.axb5 b6 27.Na4 Rb8 28.
Rfd1 Qd7 29.Rd5 Rfd8 30.Nxb6 Qf5 31.d7 Rb7 32.h3 h6 33.Rd6 Kh7 34.R1d2 Rc7
35.Kh2 Rc2 36.Bg3 Rxd2 37.Rxd2 Qe6 38.Bf2 e4 39.fxe4 Qxe4 40.Bg3 Qe3 41.
Nc4 Qc5 42.b6 Qxc4 43.Bc7 Qb4 44.Bxd8 Qxd2 45.b7 Qf4+ 46.Kh1 Qf1+ 1/2-1/2

[Event "13th Asia-ch"]
[Site "Al-Ain UAE"]
[Date "2015.08.10"]
[Round "9"]
[White "Das, Debashis"]
[Black "Nguyen Ngoc Truong Son"]
[Result "1-0"]
[WhiteElo "2489"]
[BlackElo "2662"]
[EventDate "2015.08.02"]
[PlyCount "77"]

1.e4 e6 2.d4 d5 3.Nc3 Nc6 4.Nf3 dxe4 5.Nxe4 Nf6 6.Bd3 Bd7 7.O-O Nb4 8.
Nxf6+ gxf6 9.Be2 b5 10.Re1 Nd5 11.a4 a6 12.Bd3 h5 13.Bd2 h4 14.c3 Bd6 15.
Re4 f5 16.Re1 h3 17.g3 f4 18.Ne5 Bxe5 19.Rxe5 Bc6 20.Qg4 Qd7 21.axb5 axb5 
22.Rxa8+ Bxa8 23.Bxf4 Kd8 24.Bd2 Kc8 25.Qe2 Bc6 26.b3 Kb7 27.c4 bxc4 28.
bxc4 Nb6 29.Bc3 Ra8 30.Qb2 Kc8 31.d5 Bb7 32.Rh5 Qa4 33.Bf1 Qd1 34.Rh8+ Kd7
35.Qb5+ Ke7 36.Qc5+ Kd7 37.Qb5+ Ke7 38.d6+ cxd6 39.Qxb6 1-0

[Event "13th Asia-ch"]
[Site "Al-Ain UAE"]
[Date "2015.08.10"]
[Round "9"]
[White "Utegaliev, Azamat"]
[Black "Humpy, Koneru"]
[Result "1/2-1/2"]
[WhiteElo "2469"]
[BlackElo "2585"]
[EventDate "2015.08.02"]
[PlyCount "150"]

1.Nf3 Nf6 2.c4 e6 3.Nc3 d5 4.d4 Bb4 5.Bg5 Nbd7 6.cxd5 exd5 7.Qc2 c5 8.dxc5
h6 9.Bd2 Bxc5 10.e3 O-O 11.Bd3 a6 12.O-O b5 13.e4 Bb7 14.exd5 Rc8 15.a3 
Nxd5 16.Be4 N7f6 17.Bf5 Rc7 18.Qd3 Qa8 19.Ne4 Nxe4 20.Bxe4 Rd8 21.Ba5 Bb6 
22.Bxb6 Nxb6 23.Bxb7 Rxb7 24.Qf5 Qc8 25.Qe4 Rc7 26.h3 Rc2 27.b3 Rc3 28.
Rab1 Nd7 29.Rbd1 Nf6 30.Qb4 Rcd3 31.Rxd3 Rxd3 32.a4 Qe6 33.Rb1 Nd5 34.Qe1 
Qxe1+ 35.Nxe1 Rc3 36.axb5 axb5 37.Nf3 b4 38.Nd4 Rd3 39.Nc6 f6 40.Na5 Kf7 
41.Rc1 g5 42.Rc4 h5 43.g3 Rc3 44.Kf1 Ke6 45.Ke2 Kd6 46.Nb7+ Ke5 47.Na5 Kd6
48.Nb7+ Ke5 49.Na5 f5 50.Nc6+ Kd6 51.Nd4 Ke5 52.Nf3+ Kf6 53.Rxc3 Nxc3+ 54.
Ke3 Nd1+ 55.Ke2 Nc3+ 56.Kd3 Nd1 57.Ke2 Nc3+ 58.Kd2 Ne4+ 59.Ke3 Nc5 60.Nd4 
Ke5 61.Nc6+ Kf6 62.Nxb4 Nxb3 63.Nd3 Na5 64.h4 Nc6 65.hxg5+ Kxg5 66.Ne1 Kg4
67.Nd3 h4 68.gxh4 Kxh4 69.Kf4 Ne7 70.Ke5 Kg4 71.Ke6 Ng6 72.Kf6 Nh4 73.Ne5+
Kf4 74.Ng6+ Nxg6 75.Kxg6 Ke5 1/2-1/2

[Event "13th Asia-ch"]
[Site "Al-Ain UAE"]
[Date "2015.08.10"]
[Round "9"]
[White "Sandipan, Chanda"]
[Black "Maghsoodloo, Parham"]
[Result "0-1"]
[WhiteElo "2585"]
[BlackElo "2416"]
[EventDate "2015.08.02"]
[PlyCount "76"]

1.d4 Nf6 2.c4 g6 3.Nc3 d5 4.Nf3 Bg7 5.cxd5 Nxd5 6.e4 Nxc3 7.bxc3 c5 8.Be3 
O-O 9.Be2 Qa5 10.O-O b6 11.Nd2 Ba6 12.Nc4 Bxc4 13.Bxc4 Nc6 14.dxc5 bxc5 
15.Rb1 Rad8 16.Qc2 Rb8 17.Bd5 Ne5 18.Qe2 e6 19.Bb7 c4 20.Qb2 Ng4 21.Bf4 
Be5 22.Qc1 Qc7 23.Bxe5 Nxe5 24.Ba6 Rxb1 25.Qxb1 Rb8 26.Qd1 Rb6 27.Qa4 Qc5 
28.h3 Kg7 29.Kh1 Nd3 30.f4 Nf2+ 31.Kh2 Nxe4 32.Re1 Nd6 33.Rd1 Qc6 34.Qa5 
Rxa6 35.Qe5+ Kg8 36.Rd2 Rb6 37.h4 Qc7 38.Qf6 Ne8 0-1

[Event "13th Asia-ch"]
[Site "Al-Ain UAE"]
[Date "2015.08.10"]
[Round "9"]
[White "Nguyen Djuc Hoa"]
[Black "Lalith Babu, Musunuri Rohit"]
[Result "0-1"]
[WhiteElo "2500"]
[BlackElo "2570"]
[EventDate "2015.08.02"]
[PlyCount "129"]

1.d4 Nf6 2.c4 e6 3.Nf3 b6 4.g3 Bb7 5.Bg2 Bb4+ 6.Bd2 Be7 7.O-O O-O 8.Nc3 c6
9.e4 d5 10.exd5 cxd5 11.Ne5 Nc6 12.Bg5 Rc8 13.Qa4 Nxd4 14.Rad1 Nc6 15.Nxc6
Bxc6 16.Qa6 d4 17.Bxc6 Rxc6 18.b3 Rd6 19.Nb5 Rd7 20.Rfe1 h6 21.Bf4 Bb4 22.
Bd2 Bxd2 23.Rxd2 Re8 24.b4 Qc8 25.Qxc8 Rxc8 26.Rc1 e5 27.f4 a6 28.Nd6 Rxd6
29.fxe5 Rdc6 30.exf6 Rxc4 31.Rxc4 Rxc4 32.a3 gxf6 33.Kf2 Kg7 34.Ke2 Kg6 
35.Kd3 Rc3+ 36.Kxd4 Rxa3 37.Rb2 Kg5 38.Kd5 Re3 39.Ra2 a5 40.bxa5 bxa5 41.
Kd4 Re5 42.Kd3 Kg4 43.Ra4+ Kf3 44.Rf4+ Kg2 45.Rh4 h5 46.Kc4 Rg5 47.Kb3 f5 
48.Ka3 f4 49.gxf4 Rd5 50.Kb2 a4 51.Ka2 a3 52.Kb1 Kg1 53.Rh3 Kg2 54.Rh4 Kh1
55.Rh3 f6 56.Ka2 Rd2+ 57.Kxa3 Rxh2 58.Rg3 h4 59.Rg6 Rf2 60.Rxf6 h3 61.Kb3 
h2 62.Rg6 Rxf4 63.Kc3 Rf1 64.Kd3 Rg1 65.Kd4 0-1

[Event "13th Asia-ch"]
[Site "Al-Ain UAE"]
[Date "2015.08.10"]
[Round "9"]
[White "Wang Chen"]
[Black "Kunte, Abhijit"]
[Result "0-1"]
[WhiteElo "2524"]
[BlackElo "2493"]
[EventDate "2015.08.02"]
[PlyCount "92"]

1.e4 e5 2.Nf3 Nc6 3.Bb5 a6 4.Ba4 Nf6 5.O-O Be7 6.Bxc6 dxc6 7.d3 Nd7 8.b3 
c5 9.Bb2 Bd6 10.a4 Rb8 11.a5 b5 12.axb6 cxb6 13.Nfd2 b5 14.Nc3 O-O 15.Nd5 
Nb6 16.Ne3 Ra8 17.Nf5 f6 18.Qg4 Ra7 19.Qh4 Bb8 20.f3 Be6 21.Qf2 Bxf5 22.
exf5 Qc8 23.Ne4 Qxf5 24.Nxc5 Qc8 25.Kh1 Nd7 26.Ba3 Re8 27.Ne4 Rb7 28.c4 b4
29.Bb2 f5 30.Ng3 Nc5 31.Rfd1 Nxb3 32.Rxa6 Rd7 33.Ra2 Nc5 34.Qf1 e4 35.dxe4
Bxg3 36.hxg3 fxe4 37.Ba1 e3 38.Rd5 b3 39.Rb2 Rxd5 40.cxd5 Qa8 41.d6 Qd5 
42.Qb5 Rd8 43.Re2 Qxd6 44.Bc3 Qd3 45.Qb6 Re8 46.Qb4 Qxe2 0-1

[Event "13th Asia-ch"]
[Site "Al-Ain UAE"]
[Date "2015.08.10"]
[Round "9"]
[White "Karthikeyan, Pandian"]
[Black "Darini, Pouria"]
[Result "1/2-1/2"]
[WhiteElo "2426"]
[BlackElo "2501"]
[EventDate "2015.08.02"]
[PlyCount "59"]

1.e4 c5 2.Nf3 d6 3.d4 cxd4 4.Nxd4 Nf6 5.Nc3 a6 6.h3 e5 7.Nde2 b5 8.g4 b4 
9.Nd5 Nxd5 10.Qxd5 Ra7 11.Bg2 Be6 12.Qd3 Be7 13.O-O O-O 14.Be3 Rb7 15.b3 
a5 16.f4 exf4 17.Nxf4 Nd7 18.Nxe6 fxe6 19.Qc4 Rxf1+ 20.Rxf1 Nf8 21.Bd4 Rb8
22.Qd3 Ng6 23.c3 Bf6 24.Qc4 Qe7 25.Rd1 Bxd4+ 26.Qxd4 Nf4 27.Bf1 Qh4 28.Qe3
Qg5 29.Bc4 Qh6 30.Kh2 1/2-1/2

[Event "13th Asia-ch"]
[Site "Al-Ain UAE"]
[Date "2015.08.10"]
[Round "9"]
[White "Vakhidov, Jahongir"]
[Black "Tabatabaei, Mohammadamin"]
[Result "1-0"]
[WhiteElo "2525"]
[BlackElo "2458"]
[EventDate "2015.08.02"]
[PlyCount "79"]

1.c4 c5 2.g3 Nc6 3.Bg2 g6 4.Nc3 Bg7 5.Nf3 e5 6.a3 a5 7.O-O Nge7 8.Rb1 O-O 
9.d3 d6 10.Ne1 f5 11.Nc2 a4 12.f4 Bd7 13.Na1 Na5 14.fxe5 dxe5 15.Nxa4 Nxc4
16.Nxc5 Qb6 17.Nb3 Na5 18.Be3 Ba4 19.Nxa4 Qxe3+ 20.Kh1 Nxb3 21.Qxb3+ Kh8 
22.Nb6 Rad8 23.Rbe1 h5 24.Nc4 Qg5 25.Qxb7 f4 26.Qf3 Qh6 27.g4 hxg4 28.Qxg4
Rf5 29.Rf3 Rh5 30.Rh3 Bf6 31.Rxh5 gxh5 32.Qe6 Qg7 33.Nd6 Rf8 34.Be4 Bh4 
35.Rg1 Qf6 36.Qxf6+ Rxf6 37.Nc4 Re6 38.b4 Bf2 39.Rg5 Bd4 40.a4 1-0

[Event "13th Asia-ch"]
[Site "Al-Ain UAE"]
[Date "2015.08.10"]
[Round "9"]
[White "Harika, Dronavalli"]
[Black "Ghaem Maghami, Ehsan"]
[Result "1/2-1/2"]
[WhiteElo "2509"]
[BlackElo "2609"]
[EventDate "2015.08.02"]
[PlyCount "34"]

1.d4 Nf6 2.c4 e6 3.Nc3 Bb4 4.Qc2 d6 5.Nf3 Nbd7 6.g3 b6 7.Bg2 Bb7 8.O-O 
Bxc3 9.Qxc3 O-O 10.b3 Re8 11.Bb2 Qe7 12.Rad1 Qf8 13.Rfe1 Rac8 14.Qc2 Be4 
15.Qc1 Qe7 16.Bh3 Bb7 17.Qc2 c5 1/2-1/2

[Event "13th Asia-ch"]
[Site "Al-Ain UAE"]
[Date "2015.08.10"]
[Round "9"]
[White "Khusnutdinov, Rustam"]
[Black "Yuan Qingyu"]
[Result "1-0"]
[WhiteElo "2510"]
[BlackElo "2359"]
[EventDate "2015.08.02"]
[PlyCount "87"]

1.e4 c5 2.Be2 Nc6 3.f4 d5 4.d3 dxe4 5.dxe4 Qxd1+ 6.Bxd1 Nf6 7.Nc3 Bg4 8.
Be3 e6 9.h3 Bxd1 10.Rxd1 Nb4 11.Rd2 Rd8 12.Nf3 Be7 13.g4 Rxd2 14.Kxd2 Nd7 
15.a3 Nc6 16.Ke2 f6 17.Rd1 Nb6 18.b3 Kf7 19.Nb5 Nc8 20.Rd7 a6 21.Nc3 b6 
22.Rc7 N6a7 23.a4 a5 24.Nd2 h5 25.g5 fxg5 26.fxg5 Ke8 27.Nc4 Bd8 28.Rxg7 
Nc6 29.Nb5 h4 30.g6 Be7 31.Nc7+ Kd7 32.Na8 Ke8 33.Naxb6 Nxb6 34.Nxb6 Nd8 
35.Nc4 Kf8 36.Rh7 Rg8 37.Ne5 Ke8 38.Bf2 Bd6 39.Nc4 Be7 40.Bxh4 Bxh4 41.
Rxh4 Rxg6 42.Nxa5 Rg3 43.Rh5 Nf7 44.Rxc5 1-0

[Event "13th Asia-ch"]
[Site "Al-Ain UAE"]
[Date "2015.08.10"]
[Round "9"]
[White "Xu Yinglun"]
[Black "Gundavaa, Bayarsaihan"]
[Result "1/2-1/2"]
[WhiteElo "2463"]
[BlackElo "2492"]
[EventDate "2015.08.02"]
[PlyCount "92"]

1.d4 f5 2.Nf3 Nf6 3.g3 e6 4.Bg2 d5 5.O-O Bd6 6.c4 c6 7.Nc3 O-O 8.Qc2 Ne4 
9.Be3 Nd7 10.Nxe4 dxe4 11.Nd2 e5 12.c5 Bc7 13.dxe5 Nxe5 14.Nc4 Be6 15.Rad1
Qe7 16.Nxe5 Bxe5 17.Bd4 Bc7 18.b3 Bd5 19.f3 exf3 20.exf3 f4 21.Rfe1 Qf7 
22.g4 a5 23.Re2 Rfe8 24.Rde1 Rxe2 25.Rxe2 Rd8 26.Qc3 Rd7 27.Qe1 Kf8 28.Bc3
a4 29.bxa4 Bc4 30.Rf2 Bd8 31.Rd2 Bd3 32.Bf1 Bxf1 33.Kxf1 Rxd2 34.Qxd2 Qc4+
35.Kg2 Be7 36.Bd4 g5 37.h4 h6 38.Qb2 gxh4 39.Bg7+ Ke8 40.Bxh6 Qxa4 41.Qd2 
Bxc5 42.Bxf4 Qc4 43.Bg5 Be7 44.Bxe7 Kxe7 45.Qg5+ Kf7 46.Qxh4 Qxa2+ 1/2-1/2

[Event "13th Asia-ch"]
[Site "Al-Ain UAE"]
[Date "2015.08.10"]
[Round "9"]
[White "Gao Rui"]
[Black "Kostenko, Petr"]
[Result "1-0"]
[WhiteElo "2528"]
[BlackElo "2431"]
[EventDate "2015.08.02"]
[PlyCount "73"]

1.e4 e5 2.Nf3 Nc6 3.Bc4 Nf6 4.d3 h6 5.O-O d6 6.c3 g6 7.d4 Qe7 8.Nbd2 Bg7 
9.Re1 O-O 10.h3 Kh8 11.a4 Nh7 12.dxe5 Nxe5 13.Nxe5 Qxe5 14.Nf3 Qe7 15.a5 
a6 16.Qc2 Bd7 17.Be3 Nf6 18.Bd4 c5 19.Bxf6 Qxf6 20.Bd5 Rab8 21.Re3 h5 22.
Rae1 Qd8 23.Qb3 b5 24.e5 Be8 25.e6 fxe6 26.Rxe6 Qxa5 27.Qc2 Qa4 28.Qd2 Bf7
29.R6e4 b4 30.Bxf7 Rxf7 31.Qxd6 Rxf3 32.Qxb8+ Rf8 33.Re8 Rxe8 34.Qxe8+ 
Qxe8 35.Rxe8+ Kh7 36.cxb4 cxb4 37.b3 1-0

[Event "13th Asia-ch"]
[Site "Al-Ain UAE"]
[Date "2015.08.10"]
[Round "9"]
[White "Rathnakaran, Kantholi"]
[Black "Rahman, Ziaur"]
[Result "1-0"]
[WhiteElo "2417"]
[BlackElo "2509"]
[EventDate "2015.08.02"]
[PlyCount "90"]

1.e4 c5 2.Nf3 e6 3.d3 Nc6 4.g3 Nf6 5.Bg2 Be7 6.O-O O-O 7.Re1 d6 8.c3 Bd7 
9.h3 Rc8 10.Be3 Qc7 11.Nbd2 Rfd8 12.a3 Be8 13.Qe2 d5 14.Bf4 Qb6 15.e5 Nd7 
16.b4 a5 17.bxa5 Qxa5 18.c4 Nb6 19.Reb1 Qa6 20.h4 Na4 21.Qe1 Rb8 22.Bg5 
Bxg5 23.hxg5 Ne7 24.Nh2 Bc6 25.Rc1 Nb2 26.Qe2 dxc4 27.dxc4 Bxg2 28.Kxg2 
Ng6 29.Rc3 Na4 30.Rb3 Nb6 31.Nhf3 Nd5 32.Qe4 Nde7 33.Rab1 b6 34.R1b2 Qa7 
35.Nb1 Nf5 36.Nc3 Nd4 37.Nxd4 Rxd4 38.Qe2 Qa8+ 39.f3 Rg4 40.Kh2 Rxg5 41.f4
Rf5 42.Nb5 Rf8 43.Nd6 Nxf4 44.gxf4 Rxf4 45.Rh3 Rd8 1-0

[Event "13th Asia-ch"]
[Site "Al-Ain UAE"]
[Date "2015.08.10"]
[Round "9"]
[White "Vishnu Prasanna, Vasanthan"]
[Black "Nitin, Senthilvel"]
[Result "1-0"]
[WhiteElo "2502"]
[BlackElo "2404"]
[EventDate "2015.08.02"]
[PlyCount "65"]

1.d4 Nf6 2.c4 g6 3.Nc3 Bg7 4.e4 d6 5.h3 O-O 6.Nf3 e5 7.d5 a5 8.g4 Na6 9.
Be3 Nc5 10.Nd2 c6 11.Be2 Nfd7 12.h4 h6 13.Nf1 cxd5 14.cxd5 b5 15.Bxb5 a4 
16.Nd2 Rb8 17.b4 axb3 18.axb3 f5 19.gxf5 gxf5 20.b4 Rxb5 21.Nxb5 Nd3+ 22.
Ke2 Nf4+ 23.Bxf4 exf4 24.Rg1 fxe4 25.Nxe4 f3+ 26.Ke1 Qe7 27.Qd4 Nf6 28.Ra7
Bd7 29.Nxd6 Ng4 30.Rxg4 Bxg4 31.Rxe7 Bxd4 32.Kd2 Rb8 33.Nf7 1-0

[Event "13th Asia-ch"]
[Site "Al-Ain UAE"]
[Date "2015.08.10"]
[Round "9"]
[White "Liu Chang"]
[Black "Nguyen Huynh Minh Huy"]
[Result "1/2-1/2"]
[WhiteElo "2353"]
[BlackElo "2496"]
[EventDate "2015.08.02"]
[PlyCount "125"]

1.e4 c5 2.Nf3 d6 3.Bb5+ Nc6 4.O-O Bd7 5.Re1 a6 6.Bf1 g6 7.c3 Bg7 8.h3 e5 
9.Na3 Nf6 10.d4 cxd4 11.cxd4 O-O 12.dxe5 dxe5 13.Nc4 Be6 14.Bg5 h6 15.Bh4 
Qc7 16.Bxf6 Bxf6 17.Qc1 Nd4 18.Nxd4 exd4 19.b3 d3 20.e5 Bg5 21.f4 b5 22.
fxg5 bxc4 23.bxc4 Rfd8 24.Qd2 Qxc4 25.gxh6 Rd7 26.Rad1 Rad8 27.Re3 Qxa2 
28.Qxa2 Bxa2 29.Rdxd3 Rxd3 30.Bxd3 a5 31.e6 Bxe6 32.Bxg6 Rd2 33.Be4 a4 34.
Rg3+ Kh8 35.Rg5 Rd4 36.Bc2 Rc4 37.Bd3 Rc3 38.Be4 a3 39.Ra5 f5 40.Bb1 Rc1+ 
41.Kf2 Rxb1 42.Rxa3 Bd5 43.Ra5 Bc4 44.Ke3 Rf1 45.Ra4 Bd5 46.g4 Rf3+ 47.Ke2
Rxh3 48.gxf5 Kh7 49.Rd4 Ba2 50.Rd6 Bb1 51.Rf6 Rh5 52.Ke3 Bxf5 53.Kd4 Bg6 
54.Rf2 Rh3 55.Ke5 Kxh6 56.Rg2 Kg7 57.Rf2 Re3+ 58.Kd4 Re1 59.Rf3 Re4+ 60.
Kd5 Ra4 61.Ke5 Bf7 62.Rg3+ Kf8 63.Rc3 1/2-1/2